ՀՀ Գիտությունների ազգային ակադեմիայի հիմնարար գիտական գրադարան  =   Fundamental Scientific Library of NAS RA

Труды Третьего Международного конгресса по коррозии металлов : (Record no. 400960)

MARC details
000 -LEADER
fixed length control field 00847nam a22002057a 4500
003 - CONTROL NUMBER IDENTIFIER
control field AM-YeHGA
005 - DATE AND TIME OF LATEST TRANSACTION
control field 20250617153930.0
008 - FIXED-LENGTH DATA ELEMENTS--GENERAL INFORMATION
fixed length control field 180313s xxu||||| |||| 00| 0 rus d
040 ## - CATALOGING SOURCE
Original cataloging agency AM-YeHGA
041 0# - LANGUAGE CODE
Language code of text/sound track or separate title rus
090 ## - LOCALLY ASSIGNED LC-TYPE CALL NUMBER (OCLC); LOCAL CALL NUMBER (RLIN)
-- 403163
111 2# - MAIN ENTRY--MEETING NAME
Meeting name or jurisdiction name as entry element Международный конгресс по коррозии металлов
Number of part/section/meeting (3 :
Date of meeting or treaty signing 1966 ;
Location of meeting Москва)
245 10 - TITLE STATEMENT
Title Труды Третьего Международного конгресса по коррозии металлов :
Remainder of title Москва, 1966 /
Statement of responsibility, etc. Редкол.: Я.М. Колотыркин (гл. ред.) и др.
260 ## - PUBLICATION, DISTRIBUTION, ETC.
Place of publication, distribution, etc. Москва :
Name of publisher, distributor, etc. Мир,
Date of publication, distribution, etc. 1968-.
300 ## - PHYSICAL DESCRIPTION
Extent том
505 10 - FORMATTED CONTENTS NOTE
Miscellaneous information Т. 1 (1968, 574 с., ил.)
650 14 - SUBJECT ADDED ENTRY--TOPICAL TERM
Topical term or geographic name entry element Коррозия металлов
Form subdivision Сборники
700 1# - ADDED ENTRY--PERSONAL NAME
Personal name Колотыркин, Я.М.
Relator term ред.
Relationship edt
942 ## - ADDED ENTRY ELEMENTS (KOHA)
Source of classification or shelving scheme Universal Decimal Classification
Koha item type Գրքեր / Books
Holdings
Withdrawn status Lost status Source of classification or shelving scheme Damaged status Not for loan Collection Home library Current library Date acquired Serial enumeration / chronology Total checkouts Full call number Barcode Date last seen Price effective from Koha item type Public note
    Universal Decimal Classification     General Fundamental Scientific Library Fundamental Scientific Library 13/03/2018 Т. 1   PIII/27259 FL0488441 13/03/2018 13/03/2018 Գրքեր / Books 30 Days Loan


ՀՀ ԳԱԱ հիմնարար գիտական գրադարան
ՀՀ,Երևան 0019
Մարշալ Բաղրամյան 24/6
հեռախոս:(374-10) 52-47-50
Հետադարձ կապ

All site content, except where otherwise noted, is licensed under a
Creative Commons License